<?xml version="1.0" encoding="UTF-8"?>
<record
    xmlns:xsi="http://www.w3.org/2001/XMLSchema-instance"
    xsi:schemaLocation="http://www.loc.gov/MARC21/slim http://www.loc.gov/standards/marcxml/schema/MARC21slim.xsd"
    xmlns="http://www.loc.gov/MARC21/slim">

  <leader>01406nam a22002417a 4500</leader>
  <datafield tag="999" ind1=" " ind2=" ">
    <subfield code="c">92797</subfield>
    <subfield code="d">92797</subfield>
  </datafield>
  <controlfield tag="003">NALT</controlfield>
  <controlfield tag="005">20250214151604.0</controlfield>
  <controlfield tag="008">170622b        th ||||| |||| 00| 0 tha d</controlfield>
  <datafield tag="020" ind1=" " ind2=" ">
    <subfield code="a">9789744499004</subfield>
  </datafield>
  <datafield tag="040" ind1=" " ind2=" ">
    <subfield code="a">NALT</subfield>
  </datafield>
  <datafield tag="050" ind1=" " ind2=" ">
    <subfield code="a">JQ 1745.A55.C6</subfield>
    <subfield code="b">&#xE16;282&#xE01; 2559</subfield>
  </datafield>
  <datafield tag="100" ind1="0" ind2=" ">
    <subfield code="a">&#xE16;&#xE27;&#xE34;&#xE25;&#xE27;&#xE14;&#xE35; &#xE1A;&#xE38;&#xE23;&#xE35;&#xE01;&#xE38;&#xE25;.</subfield>
    <subfield code="9">2407</subfield>
  </datafield>
  <datafield tag="245" ind1="1" ind2="0">
    <subfield code="a">&#xE01;&#xE32;&#xE23;&#xE1B;&#xE0F;&#xE34;&#xE23;&#xE39;&#xE1B;&#xE1B;&#xE23;&#xE30;&#xE40;&#xE17;&#xE28;&#xE44;&#xE17;&#xE22;&#xE14;&#xE49;&#xE32;&#xE19;&#xE01;&#xE32;&#xE23;&#xE15;&#xE48;&#xE2D;&#xE15;&#xE49;&#xE32;&#xE19;&#xE01;&#xE32;&#xE23;&#xE17;&#xE38;&#xE08;&#xE23;&#xE34;&#xE15;&#xE41;&#xE25;&#xE30;&#xE01;&#xE32;&#xE23;&#xE2A;&#xE48;&#xE07;&#xE40;&#xE2A;&#xE23;&#xE34;&#xE21;&#xE04;&#xE38;&#xE13;&#xE18;&#xE23;&#xE23;&#xE21;&#xE08;&#xE23;&#xE34;&#xE22;&#xE18;&#xE23;&#xE23;&#xE21;&#xE02;&#xE2D;&#xE07;&#xE40;&#xE22;&#xE32;&#xE27;&#xE0A;&#xE19; /</subfield>
    <subfield code="c">&#xE16;&#xE27;&#xE34;&#xE25;&#xE27;&#xE14;&#xE35; &#xE1A;&#xE38;&#xE23;&#xE35;&#xE01;&#xE38;&#xE25;... [&#xE41;&#xE25;&#xE30;&#xE04;&#xE19;&#xE2D;&#xE37;&#xE48;&#xE19; &#xE46;].</subfield>
  </datafield>
  <datafield tag="250" ind1=" " ind2=" ">
    <subfield code="a">&#xE1E;&#xE34;&#xE21;&#xE1E;&#xE4C;&#xE04;&#xE23;&#xE31;&#xE49;&#xE07;&#xE17;&#xE35;&#xE48; 1</subfield>
  </datafield>
  <datafield tag="260" ind1=" " ind2=" ">
    <subfield code="a">&#xE01;&#xE23;&#xE38;&#xE07;&#xE40;&#xE17;&#xE1E;&#xE2F; :</subfield>
    <subfield code="b">&#xE2A;&#xE33;&#xE19;&#xE31;&#xE01;&#xE27;&#xE34;&#xE08;&#xE31;&#xE22;&#xE41;&#xE25;&#xE30;&#xE1E;&#xE31;&#xE12;&#xE19;&#xE32; &#xE2A;&#xE16;&#xE32;&#xE1A;&#xE31;&#xE19;&#xE1E;&#xE23;&#xE30;&#xE1B;&#xE01;&#xE40;&#xE01;&#xE25;&#xE49;&#xE32;,</subfield>
    <subfield code="c">2559.</subfield>
  </datafield>
  <datafield tag="300" ind1=" " ind2=" ">
    <subfield code="a">370 &#xE2B;&#xE19;&#xE49;&#xE32; :</subfield>
    <subfield code="b">&#xE20;&#xE32;&#xE1E;&#xE1B;&#xE23;&#xE30;&#xE01;&#xE2D;&#xE1A;, &#xE15;&#xE32;&#xE23;&#xE32;&#xE07; ;</subfield>
    <subfield code="c">26 &#xE0B;&#xE21;.</subfield>
  </datafield>
  <datafield tag="650" ind1=" " ind2="4">
    <subfield code="9">10863</subfield>
    <subfield code="a">&#xE01;&#xE32;&#xE23;&#xE17;&#xE38;&#xE08;&#xE23;&#xE34;&#xE15;&#xE41;&#xE25;&#xE30;&#xE1B;&#xE23;&#xE30;&#xE1E;&#xE24;&#xE15;&#xE34;&#xE21;&#xE34;&#xE0A;&#xE2D;&#xE1A;</subfield>
    <subfield code="x">&#xE01;&#xE32;&#xE23;&#xE1B;&#xE49;&#xE2D;&#xE07;&#xE01;&#xE31;&#xE19;&#xE41;&#xE25;&#xE30;&#xE04;&#xE27;&#xE1A;&#xE04;&#xE38;&#xE21;</subfield>
    <subfield code="x">&#xE27;&#xE34;&#xE08;&#xE31;&#xE22;</subfield>
  </datafield>
  <datafield tag="650" ind1=" " ind2="4">
    <subfield code="9">10861</subfield>
    <subfield code="a">&#xE40;&#xE22;&#xE32;&#xE27;&#xE0A;&#xE19;</subfield>
    <subfield code="x">&#xE41;&#xE07;&#xE48;&#xE28;&#xE35;&#xE25;&#xE18;&#xE23;&#xE23;&#xE21;&#xE08;&#xE23;&#xE23;&#xE22;&#xE32;</subfield>
    <subfield code="x">&#xE01;&#xE32;&#xE23;&#xE28;&#xE36;&#xE01;&#xE29;&#xE32;&#xE41;&#xE25;&#xE30;&#xE01;&#xE32;&#xE23;&#xE2A;&#xE2D;&#xE19;</subfield>
  </datafield>
  <datafield tag="850" ind1=" " ind2=" ">
    <subfield code="a">NALT</subfield>
  </datafield>
  <datafield tag="942" ind1=" " ind2=" ">
    <subfield code="c">RSH</subfield>
    <subfield code="2">lcc</subfield>
  </datafield>
  <datafield tag="998" ind1=" " ind2=" ">
    <subfield code="a">bijaya</subfield>
    <subfield code="c">ben</subfield>
    <subfield code="j">8</subfield>
    <subfield code="k"> &#xE19;&#xE32;&#xE22;&#xE1A;&#xE31;&#xE13;&#xE11;&#xE34;&#xE15;  &#xE2D;&#xE38;&#xE17;&#xE32;&#xE27;&#xE07;&#xE04;&#xE4C;</subfield>
  </datafield>
  <datafield tag="952" ind1=" " ind2=" ">
    <subfield code="0">0</subfield>
    <subfield code="1">0</subfield>
    <subfield code="2">lcc</subfield>
    <subfield code="4">0</subfield>
    <subfield code="7">0</subfield>
    <subfield code="8">CRSH</subfield>
    <subfield code="a">NALT</subfield>
    <subfield code="b">NALT</subfield>
    <subfield code="d">2017-06-22</subfield>
    <subfield code="l">1</subfield>
    <subfield code="m">1</subfield>
    <subfield code="o">&#xE27; JQ 1745.A55.C6 &#xE16;282&#xE01; 2559</subfield>
    <subfield code="p">3961207116</subfield>
    <subfield code="r">2025-02-28 00:00:00</subfield>
    <subfield code="s">2025-02-14</subfield>
    <subfield code="t">&#xE09;.1</subfield>
    <subfield code="w">2017-06-22</subfield>
    <subfield code="y">RSH</subfield>
  </datafield>
  <datafield tag="952" ind1=" " ind2=" ">
    <subfield code="0">0</subfield>
    <subfield code="1">0</subfield>
    <subfield code="2">lcc</subfield>
    <subfield code="4">0</subfield>
    <subfield code="7">0</subfield>
    <subfield code="8">CRSH</subfield>
    <subfield code="a">NALT</subfield>
    <subfield code="b">NALT</subfield>
    <subfield code="d">2017-06-22</subfield>
    <subfield code="l">2</subfield>
    <subfield code="m">2</subfield>
    <subfield code="o">&#xE27; JQ 1745.A55.C6 &#xE16;282&#xE01; 2559 </subfield>
    <subfield code="p">3961207117</subfield>
    <subfield code="r">2022-10-31 00:00:00</subfield>
    <subfield code="s">2022-10-12</subfield>
    <subfield code="t">&#xE09;.2</subfield>
    <subfield code="w">2017-06-22</subfield>
    <subfield code="y">RSH</subfield>
  </datafield>
  <datafield tag="952" ind1=" " ind2=" ">
    <subfield code="0">0</subfield>
    <subfield code="1">0</subfield>
    <subfield code="2">lcc</subfield>
    <subfield code="4">0</subfield>
    <subfield code="7">0</subfield>
    <subfield code="8">CSEN</subfield>
    <subfield code="a">NALT</subfield>
    <subfield code="b">NALT</subfield>
    <subfield code="c">RSH</subfield>
    <subfield code="d">2022-10-29</subfield>
    <subfield code="o">&#xE27; JQ 1745.A55.C6 &#xE16;282&#xE01; 2559</subfield>
    <subfield code="p">0100010347001</subfield>
    <subfield code="r">2023-01-31 00:00:00</subfield>
    <subfield code="w">2022-10-29</subfield>
    <subfield code="y">RSH</subfield>
  </datafield>
</record>
